| 000 | 00593nam a2200193 i 4500 | ||
|---|---|---|---|
| 001 | bgj | ||
| 100 | 1 | _aSOARS, John. | |
| 245 | 1 | 0 |
_aNew Headway : _bEnglish course : upper-intermediate : student's book / _cJohn and Liz Soars. |
| 260 |
_aOxford : _bOxford University Press, _c2001. |
||
| 300 |
_a159 pp : _bill. ; _c28 cm. |
||
| 650 | 9 |
_aEnglish language _xTextbooks for foreigners _xUpper-intermediate |
|
| 700 | 1 |
_aSOARS, Liz. _eco-author |
|
| 020 | _a0194358003 | ||
| 040 | _cBPK | ||
| 041 | 0 | _aeng | |
| 920 | _a0-19-435800-3 | ||
| 942 | _cKS | ||
| 008 | s uk f |000 0 eng | ||
| 999 |
_c49086 _d49086 |
||